Gaming Quiz

Random Gaming or Pokémon Quiz

Hoenn Pokémon Abilities Quiz Stats

 Plays Quiz not verified by Sporcle

Score 0/161 Timer 10:00
0 Plays Today
Pokémon Ability/Abilities % Correct
TreeckoOvergrow/Unburden
97.9%
GrovyleOvergrow/Unburden
97.9%
SceptileOvergrow/Unburden
97.9%
TorchicBlaze/Speed Boost
97.9%
CombuskenBlaze/Speed Boost
97.9%
BlazikenBlaze/Speed Boost
97.9%
Mega BlazikenSpeed Boost
97.9%
NinjaskSpeed Boost/Infiltrator
97.9%
CarvanhaRough Skin/Speed Boost
97.9%
SharpedoRough Skin/Speed Boost
97.9%
MudkipTorrent/Damp
95.7%
MarshtompTorrent/Damp
95.7%
SwampertTorrent/Damp
95.7%
Mega SwampertSwift Swim
95.7%
PoochyenaRun Away/Quick Feet/Rattled
95.7%
MightyenaIntimidate/Quick Feet/Moxie
95.7%
ZigzagoonPickup/Gluttony/Quick Feet
95.7%
LinoonePickup/Gluttony/Quick Feet
95.7%
LotadSwift Swim/Rain Dish/Own Tempo
95.7%
LombreSwift Swim/Rain Dish/Own Tempo
95.7%
LudicoloSwift Swim/Rain Dish/Own Tempo
95.7%
WingullKeen Eye/Hydration/Rain Dish
95.7%
PelipperKeen Eye/Drizzle/Rain Dish
95.7%
SurskitSwift Swim/Rain Dish
95.7%
MasquerainIntimidate/Unnerve
95.7%
ShroomishEffect Spore/Poison Heal/Quick Feet
95.7%
MakuhitaThick Fat/Guts/Sheer Force
95.7%
HariyamaThick Fat/Guts/Sheer Force
95.7%
NosepassSturdy/Magnet Pull/Sand Force
95.7%
ProbopassSturdy/Magnet Pull/Sand Force
95.7%
MawileHyper Cutter/Intimidate/Sheer Force
95.7%
AronSturdy/Rock Head/Heavy Metal
95.7%
LaironSturdy/Rock Head/Heavy Metal
95.7%
AggronSturdy/Rock Head/Heavy Metal
95.7%
ElectrikeStatic/Lightning Rod/Minus
95.7%
ManectricStatic/Lightning Rod/Minus
95.7%
Mega ManectricIntimidate
95.7%
PluslePlus/Lightning Rod
95.7%
IllumiseOblivious/Tinted Lens/Prankster
95.7%
BudewNatural Cure/Poison Point/Leaf Guard
95.7%
RoseliaNatural Cure/Poison Point/Leaf Guard
95.7%
RoseradeNatural Cure/Poison Point/Technician
95.7%
WailmerWater Veil/Oblivious/Pressure
95.7%
WailordWater Veil/Oblivious/Pressure
95.7%
NumelOblivious/Simple/Own Tempo
95.7%
SpoinkThick Fat/Own Tempo/Gluttony
95.7%
GrumpigThick Fat/Own Tempo/Gluttony
95.7%
SpindaOwn Tempo/Tangled Feet/Contrary
95.7%
TrapinchHyper Cutter/Arena Trap/Sheer Force
95.7%
BarboachOblivious/Anticipation/Hydration
95.7%
WhiscashOblivious/Anticipation/Hydration
95.7%
CorphishHyper Cutter/Shell Armor/Adaptability
95.7%
CrawdauntHyper Cutter/Shell Armor/Adaptability
95.7%
AnorithBattle Armor/Swift Swim
95.7%
Pokémon Ability/Abilities % Correct
ArmaldoBattle Armor/Swift Swim
95.7%
FeebasSwift Swim/Oblivious/Adaptability
95.7%
DusclopsPressure/Frisk
95.7%
DusknoirPressure/Frisk
95.7%
AbsolPressure/Super Luck/Justified
95.7%
SphealThick Fat/Ice Body/Oblivious
95.7%
SealeoThick Fat/Ice Body/Oblivious
95.7%
WalreinThick Fat/Ice Body/Oblivious
95.7%
HuntailSwift Swim/Water Veil
95.7%
GorebyssSwift Swim/Hydration
95.7%
RelicanthSwift Swim/Rock Head/Sturdy
95.7%
LuvdiscSwift Swim/Hydration
95.7%
SalamenceIntimidate/Moxie
95.7%
RegirockClear Body/Sturdy
95.7%
DeoxysPressure
95.7%
Mega SceptileLightning Rod
93.6%
WurmpleShield Dust/Run Away
93.6%
WhismurSoundproof/Rattled
93.6%
SableyeKeen Eye/Stall/Prankster
93.6%
TorkoalWhite Smoke/Drought/Shell Armor
93.6%
SwabluNatural Cure/Cloud Nine
93.6%
AltariaNatural Cure/Cloud Nine
93.6%
BeldumClear Body/Light Metal
93.6%
MetangClear Body/Light Metal
93.6%
MetagrossClear Body/Light Metal
93.6%
RegiceClear Body/Ice Metal
93.6%
RegisteelClear Body/Light Metal
93.6%
KyogreDrizzle
93.6%
GroudonDrought
93.6%
BreloomEffect Spore/Poison Heal/Technician
91.5%
NincadaCompound Eyes/Run Away
91.5%
LoudredSoundproof/Scrappy
91.5%
ExploudSoundproof/Scrappy
91.5%
MinunMinus/Volt Absorb
91.5%
VolbeatIlluminate/Swarm/Prankster
91.5%
CacneaSand Veil/Water Absorb
91.5%
CacturneSand Veil/Water Absorb
91.5%
KecleonColor Change/Protean
91.5%
DuskullLevitate/Frisk
91.5%
SnoruntInner Focus/Ice Body/Moody
91.5%
GlalieInner Focus/Ice Body/Moody
91.5%
BagonRock Head/Sheer Force
91.5%
DustoxShield Dust/Compound Eyes
89.4%
RaltsSynchronize/Trace/Telepathy
89.4%
KirliaSynchronize/Trace/Telepathy
89.4%
GardevoirSynchronize/Trace/Telepathy
89.4%
SlakothTruant
89.4%
SlakingTruant
89.4%
SkittyCute Charm/Normalize/Wonder Skin
89.4%
DelcattyCute Charm/Normalize/Wonder Skin
89.4%
VibravaLevitate
89.4%
FlygonLevitate
89.4%
SeviperShed Skin/Infiltrator
89.4%
LunatoneLevitate
89.4%
Pokémon Ability/Abilities % Correct
SolrockLevitate
89.4%
BaltoyLevitate
89.4%
ClaydolLevitate
89.4%
MiloticMarvel Scale/Competitive/Cute Charm
89.4%
ShuppetInsomnia/Frisk/Cursed Body
89.4%
BanetteInsomnia/Frisk/Cursed Body
89.4%
ChinglingLevitate
89.4%
ChimechoLevitate
89.4%
ClamperlShell Armor/Rattled
89.4%
ShelgonRock Head/Overcoat
89.4%
Latias/Mega LatiasLevitate
89.4%
Latios/Mega LatiosLevitate
89.4%
RayquazaAir Lock
89.4%
SilcoonShed Skin
87.2%
CascoonShed Skin
87.2%
TaillowGuts/Scrappy
87.2%
SwellowGuts/Scrappy
87.2%
ShedinjaWonder Guard
87.2%
MedititePure Power/Telepathy
87.2%
MedichamPure Power/Telepathy
87.2%
GulpinLiquid Ooze/Sticky Hold/Gluttony
87.2%
SwalotLiquid Ooze/Sticky Hold/Gluttony
87.2%
Mega CameruptSheer Force
87.2%
Mega BanettePrankster
87.2%
TropiusChlorophyll/Solar Power/Harvest
87.2%
FroslassSnow Cloak/Cursed Body
87.2%
SeedotChlorophyll/Early Bird/Pickpocket
85.1%
NuzleafChlorophyll/Early Bird/Pickpocket
85.1%
ShiftryChlorophyll/Early Bird/Pickpocket
85.1%
Mega GardevoirPixilate
85.1%
GalladeSteadfast/Justified
85.1%
Mega GalladeInner Focus
85.1%
Mega MedichamPure Power
85.1%
Mega AltariaPixilate
85.1%
CastformForecast
83%
BeautiflySwarm/Rivalry
80.9%
VigorothVital Spirit
80.9%
Mega MawileHuge Power
80.9%
CameruptMagma Armor/Solid Rock/Anger Point
80.9%
Primal GroudonDesolate Land
80.9%
JirachiSerene Grace
80.9%
Mega SableyeMagic Bounce
78.7%
ZangooseImmunity/Toxic Boost
78.7%
Mega AbsolMagic Bounce
78.7%
Primal KyogrePrimordial Sea
78.7%
Mega SharpedoStrong Jaw
76.6%
LileepSuction Cups/Storm Drain
76.6%
CradilySuction Cups/Storm Drain
76.6%
Mega MetagrossTough Claws
76.6%
Mega RayquazaDelta Stream
74.5%
Mega SalamenceAerilate
72.3%
Mega AggronFilter
70.2%
Mega GlalieRefrigerate
59.6%

You're not logged in!

Compare scores with friends on all Sporcle quizzes.
OR
Log In

Sporcle TV

Today on Sporcle TV


Watch our educational content, quiz creation guides, and fun videos on Sporcle TV.

Show Comments

Extras

Created Aug 4, 2016ReportNominate
Tags:Pokémon Quiz, Ability, hoenn, region

Top Quizzes Today


Score Distribution

Your Account Isn't Verified!

In order to create a playlist on Sporcle, you need to verify the email address you used during registration. Go to your Sporcle Settings to finish the process.

Report this User

Report this user for behavior that violates our Community Guidelines.

Details: